[Event "Seville op 45th"]
[Site "Seville"]
[Date "2020.01.17"]
[Round "8"]
[White "Henni, Mohamed"]
[Black "Estremera Panos, Sergio"]
[Result "1/2-1/2"]
[WhiteElo "2202"]
[BlackElo "2307"]
[PlyCount "79"]
[EventDate "2020.01.10"]
[EventType "swiss"]
[EventRounds "9"]
[EventCountry "ESP"]
[SourceTitle "CBM 194 Extra"]
[Source "ChessBase"]
[SourceDate "2020.03.31"]
[SourceVersion "1"]
[SourceVersionDate "2020.03.31"]
[SourceQuality "1"]

1. e4 c5 2. Ne2 Nc6 3. Nbc3 d6 4. g3 g6 5. Bg2 Bg7 6. 0-0 e6 7. d3 Nge7 8. Bg5 h6 9. Be3 Nd4 10. Qd2 Qa5 11. Rab1 Nec6 12. a3 Nxe2+ 13. Nxe2 Qxd2 14. Bxd2 Bd7 15. c4 Rc8 16. b4 b6 17. b5 Nd4 18. Nxd4 Bxd4 19. a4 Kd8 20. a5 Kc7 21. h4 e5 22. Kh2 g5 23. Bh3 gxh4 24. gxh4 h5 25. Rg1 Rh7 26. Rg2 Bxh3 27. Kxh3 Kd7 28. Rg5 Ke6 29. Rbg1 bxa5 30. Rg8 Rh8 31. Rxc8 Rxc8 32. Bxa5 Bxf2 33. Rg5 Rh8 34. Bd2 Bd4 35. Kg2 Bb2 36. Kf3 Bd4 37. Ke2 Bb2 38. Kd1 Bd4 39. Be1 Rb8 40. Rg2 1/2-1/2

[Event "Seville op 45th"]
[Site "Seville"]
[Date "2020.01.15"]
[Round "6"]
[White "Henni, Mohamed"]
[Black "Padmini, Rout"]
[Result "1-0"]
[WhiteElo "2202"]
[BlackElo "2369"]
[PlyCount "111"]
[EventDate "2020.01.10"]
[EventType "swiss"]
[EventRounds "9"]
[EventCountry "ESP"]
[SourceTitle "CBM 194 Extra"]
[Source "ChessBase"]
[SourceDate "2020.03.31"]
[SourceVersion "1"]
[SourceVersionDate "2020.03.31"]
[SourceQuality "1"]

1. e4 c5 2. Nc3 Nc6 3. g3 h5 4. h4 Nf6 5. Bg2 d5 6. Nxd5 Nxd5 7. exd5 Nb4 8. a3 Nxd5 9. d4 e6 10. Nf3 Be7 11. 0-0 cxd4 12. Qxd4 Bf6 13. Qe4 Bd7 14. Rd1 Qc7 15. Rxd5 Bc6 16. Rc5 Qd6 17. Qc4 Qd1+ 18. Kh2 0-0 19. Rxc6 bxc6 20. Ng5 Rad8 21. Bf3 Qe1 22. Qe2 Qxe2 23. Bxe2 g6 24. c3 Rb8 25. Ra2 a5 26. Be3 Rfc8 27. Ne4 Be7 28. b4 axb4 29. cxb4 Ra8 30. Nc5 Rd8 31. Bf3 Rac8 32. a4 Bf6 33. a5 Bc3 34. Na6 Ra8 35. Rc2 Bd4 36. Bxd4 Rxd4 37. Rxc6 Kg7 38. Nc7 Rad8 39. a6 Rd2 40. Kg1 Ra2 41. Rc1 Rd3 42. Bb7 Rdd2 43. b5 Rxf2 44. b6 Rfb2 45. a7 Rxb6 46. a8Q Rxa8 47. Bxa8 Rb4 48. Bf3 Kf6 49. Rc5 Rb2 50. Nb5 Ke7 51. Rc7+ Kd8 52. Rb7 f5 53. Nd4 Rxb7 54. Bxb7 Ke7 55. Bc8 e5 56. Nxf5+ 1-0

[Event "Prague op"]
[Site "Prague"]
[Date "2019.03.16"]
[Round "9"]
[White "Henni, Mohamed"]
[Black "Szotkowski, Jakub"]
[Result "1/2-1/2"]
[WhiteElo "2282"]
[BlackElo "2383"]
[PlyCount "113"]
[EventDate "2019.03.09"]
[EventType "swiss"]
[EventRounds "9"]
[EventCountry "CZE"]
[SourceTitle "CBM 189 Extra"]
[Source "ChessBase"]
[SourceDate "2019.06.03"]
[SourceVersion "1"]
[SourceVersionDate "2019.06.03"]
[SourceQuality "1"]

1. e4 c6 2. Nc3 d5 3. Nf3 Bg4 4. Be2 e6 5. d4 Bb4 6. h3 Bh5 7. exd5 cxd5 8. 0-0 Bxf3 9. Bxf3 Nc6 10. Ne2 Nf6 11. Nf4 0-0 12. c3 Bd6 13. Re1 Qe7 14. Nd3 h6 15. Qe2 b5 16. Ne5 Rab8 17. a3 Bxe5 18. dxe5 Nd7 19. Bf4 Nb6 20. b3 Na5 21. Qe3 Kh7 22. Bd1 d4 23. cxd4 Nd5 24. Qe4+ g6 25. Bd2 Qd8 26. Rc1 b4 27. axb4 Nxb4 28. Qe3 Qg5 29. Qxg5 hxg5 30. Rc7 Nac6 31. Bxg5 Kg8 32. Re4 Rfc8 33. Rd7 Nd5 34. Rh4 Ncb4 35. Bf3 Rb6 36. Rxa7 Kg7 37. Be2 Nc6 38. Ra1 Nce7 39. Bc4 Nf5 40. Rg4 Nb4 41. Bf6+ Kf8 42. Ra5 Re8 43. Ra7 Reb8 44. Ra4 R6b7 45. Rf4 Rd7 46. g4 Rxd4 47. Rf3 Rd1+ 48. Kh2 Nd4 49. Rf4 Nbc6 50. h4 Kg8 51. h5 gxh5 52. gxh5 Kh7 53. Rg4 Nf3+ 54. Kg3 Ncxe5 55. Bxe5 Nxe5 56. Rg5 Nxc4 57. Rxc4 1/2-1/2

[Event "Sitges Sunway op-A 5th"]
[Site "Sitges"]
[Date "2018.12.15"]
[Round "2"]
[White "Kelires, Andreas"]
[Black "Henni, Mohamed"]
[Result "1-0"]
[WhiteElo "2535"]
[BlackElo "2314"]
[PlyCount "99"]
[EventDate "2018.12.14"]
[EventType "swiss"]
[EventRounds "10"]
[EventCountry "ESP"]
[SourceTitle "CBM 187 Extra"]
[Source "ChessBase"]
[SourceDate "2018.11.04"]
[SourceVersion "1"]
[SourceVersionDate "2018.11.04"]
[SourceQuality "1"]

1. d4 Nf6 2. Nf3 e6 3. g3 d5 4. Bg2 c5 5. c4 Nc6 6. 0-0 dxc4 7. dxc5 Qxd1 8. Rxd1 Bxc5 9. Nbd2 Bd7 10. Nxc4 Ke7 11. Bf4 Rhd8 12. Bc7 Rdc8 13. Bd6+ Bxd6 14. Nxd6 Rc7 15. Rac1 Ne8 16. Nb5 Rcc8 17. Rc3 Nb4 18. Rxc8 Bxc8 19. a3 Nc6 20. Ng5 h6 21. Ne4 a6 22. Nbd6 Nxd6 23. Nxd6 Rb8 24. Bxc6 bxc6 25. b4 a5 26. Nc4 axb4 27. Ne5 Rb6 28. axb4 Ba6 29. Rd7+ Ke8 30. Rxf7 Bxe2 31. Rxg7 Rxb4 32. Rg8+ Ke7 33. Nxc6+ Kf7 34. Nxb4 Kxg8 35. f4 Kf7 36. Nc6 Kf6 37. Kf2 Bc4 38. Ne5 Bd5 39. g4 h5 40. gxh5 Be4 41. h6 Bb1 42. Kg3 Bc2 43. Kf2 Bb1 44. h4 Bc2 45. h5 Bh7 46. Ke3 Bg8 47. Ng6 Kf7 48. Kd4 Bh7 49. Ke5 Bg8 50. Nh4 1-0

[Event "Arab-ch"]
[Site "Dubai"]
[Date "2005.09.18"]
[Round "7"]
[White "Khader, Sami"]
[Black "Henni, Mohamed"]
[Result "1/2-1/2"]
[WhiteElo "2396"]
[BlackElo "2337"]
[PlyCount "121"]
[EventDate "2005.09.12"]
[EventType "swiss"]
[EventRounds "9"]
[EventCountry "UAE"]
[SourceTitle "CBM 108 Extra"]
[Source "ChessBase"]
[SourceDate "2005.11.04"]
[SourceVersion "1"]
[SourceVersionDate "2005.11.04"]
[SourceQuality "1"]

1. e4 c5 2. Nf3 d6 3. c3 Nf6 4. Qc2 Nc6 5. d4 Bg4 6. d5 Nb8 7. Be2 g6 8. h3 Bc8 9. c4 Bg7 10. Nc3 0-0 11. 0-0 Na6 12. Bg5 Nc7 13. Rad1 a6 14. a4 Nd7 15. Qc1 Ne8 16. Nh2 Nef6 17. Bh6 Qb6 18. Bxg7 Kxg7 19. f4 Qb4 20. Qc2 b5 21. b3 bxa4 22. bxa4 Nb6 23. Rb1 Qa5 24. e5 Ne8 25. Bd3 Kg8 26. Nf3 Ng7 27. exd6 exd6 28. Ne4 Bf5 29. Nxd6 Bxd3 30. Qxd3 Nxa4 31. Ne5 Qc3 32. Ra1 Qxd3 33. Nxd3 Nc3 34. Nxc5 Nf5 35. Nxf5 gxf5 36. Nb7 Rfb8 37. Nd6 Rb4 38. Rf3 Na4 39. Rc1 Nc5 40. Nxf5 Re8 41. d6 Kf8 42. Ne7 a5 43. Rg3 Rxe7 44. dxe7+ Kxe7 45. Rg5 Kd6 46. Rd1+ Kc6 47. Rc1 a4 48. Rg8 Kb7 49. Rf8 a3 50. Ra1 Ra4 51. Rxf7+ Kb6 52. Rf8 Kb7 53. Rf7+ Kc6 54. Rf6+ Kc7 55. Ra2 Nd3 56. Re6 Nb4 57. Ra1 Nc2 58. Ra2 Nb4 59. Ra1 Nc2 60. Ra2 Nb4 61. Ree2 1/2-1/2

[Event "Africa-chT rapid"]
[Site "Abuja"]
[Date "2003.10.17"]
[Round "9"]
[White "Chumfwa, Stanley"]
[Black "Henni, Mohamed"]
[Result "1-0"]
[WhiteElo "2291"]
[BlackElo "2283"]
[PlyCount "111"]
[EventDate "2003.10.05"]
[EventType "team-swiss (rapid)"]
[EventRounds "9"]
[EventCountry "NGR"]
[SourceTitle "EXT 2008"]
[Source "ChessBase"]
[SourceDate "2007.11.25"]
[SourceVersion "1"]
[SourceVersionDate "2007.11.25"]
[SourceQuality "1"]

1. e4 c5 2. Nf3 d6 3. d4 cxd4 4. Nxd4 Nf6 5. Nc3 a6 6. Bg5 e6 7. f4 Be7 8. Qf3 Qb6 9. 0-0-0 Nc6 10. Nb3 Qc7 11. Bd3 h6 12. Bh4 g5 13. fxg5 Ne5 14. Qe2 Nfd7 15. Kb1 hxg5 16. Bg3 b5 17. a4 bxa4 18. Nxa4 Bb7 19. Nd4 Qa5 20. b3 Nc5 21. Nxc5 Qxc5 22. Nf3 Bf6 23. Bf2 Qa3 24. Bd4 Ke7 25. Nxe5 Bxe5 26. Bxe5 dxe5 27. Qe3 Qb4 28. Qxg5+ Ke8 29. Qxe5 Rg8 30. Rhf1 Bc6 31. Qc7 Qb7 32. Rxf7 Qxc7 33. Rxc7 Bd7 34. g3 Kd8 35. Rc5 Ke7 36. Rh5 Rg7 37. Rf1 a5 38. Kb2 a4 39. bxa4 Rxa4 40. e5 Bb5 41. Bxb5 Rb4+ 42. Kc3 Rxb5 43. Ra1 Rb7 44. Ra6 Kf7 45. Rc6 Rb5 46. Kc4 Rb2 47. Rh4 Rg5 48. Kd4 Rb4+ 49. c4 Rb2 50. Rc7+ Kg6 51. Re7 Rd2+ 52. Kc3 Rd8 53. Rxe6+ Kf7 54. Rhh6 Rg4 55. Rd6 Rc8 56. Rd4 1-0

[Event "Africa-ch"]
[Site "Abuja"]
[Date "2003.10.13"]
[Round "5"]
[White "Domingos, Ediberto"]
[Black "Henni, Mohamed"]
[Result "0-1"]
[WhiteElo "2200"]
[BlackElo "2273"]
[PlyCount "86"]
[EventDate "2003.10.10"]
[EventType "swiss"]
[EventRounds "9"]
[EventCountry "NGR"]
[SourceTitle "CBM 096 Extra"]
[Source "ChessBase"]
[SourceDate "2003.10.22"]
[SourceVersion "2"]
[SourceVersionDate "2003.10.20"]
[SourceQuality "1"]

1. d4 Nf6 2. c4 g6 3. Nf3 Bg7 4. e3 0-0 5. Be2 d6 6. 0-0 Nbd7 7. b4 e5 8. dxe5 dxe5 9. Bb2 Qe7 10. a3 e4 11. Nfd2 Ne5 12. Bd4 b6 13. f4 exf3 14. Bxf3 Bg4 15. c5 Bc8 16. cxb6 Bg4 17. Bxg4 Rad8 18. Ra2 Nfxg4 19. Qc2 Qe6 20. Qb3 Qxb3 21. Nxb3 Nc4 22. Re2 Rfe8 23. Rfe1 Ngxe3 24. Bxg7 Kxg7 25. N1d2 Kf8 26. Nf3 cxb6 27. a4 Nd5 28. Rxe8+ Rxe8 29. Rc1 Ne5 30. Nxe5 Rxe5 31. Nd4 Nxb4 32. Rc8+ Kg7 33. Rc7 a5 34. Rb7 Nd5 35. Rd7 Nc3 36. Nc6 Rf5 37. g4 Rf4 38. Ne5 Nxa4 39. Kg2 Nc5 40. Ra7 h6 41. Kg3 g5 42. h3 a4 43. Kg2 b5 0-1

[Event "Africa-chT 8th"]
[Site "Abuja"]
[Date "2003.10.11"]
[Round "8"]
[White "Henni, Mohamed"]
[Black "El Taher, Fouad"]
[Result "1/2-1/2"]
[WhiteElo "2273"]
[BlackElo "2505"]
[PlyCount "33"]
[EventDate "2003.10.05"]
[EventType "team (rapid)"]
[EventRounds "11"]
[EventCountry "NGR"]
[SourceTitle "CBM 096 Extra"]
[Source "ChessBase"]
[SourceDate "2003.10.22"]
[SourceVersion "2"]
[SourceVersionDate "2003.10.20"]
[SourceQuality "1"]
[WhiteTeam "Algeria"]
[BlackTeam "Egypt"]
[WhiteTeamCountry "ALG"]
[BlackTeamCountry "EGY"]

1. Nf3 Nf6 2. g3 g6 3. Bg2 Bg7 4. d3 0-0 5. e4 c5 6. 0-0 d5 7. e5 Ng4 8. Re1 Nc6 9. Bf4 Nf6 10. Nc3 d4 11. Ne4 Nxe4 12. Rxe4 Bf5 13. Re1 Bg4 14. h3 Be6 15. Bd2 Bd5 16. Ng5 b6 17. Ne4 1/2-1/2

[Event "Arab Clubs-chT 5th"]
[Site "Damascus"]
[Date "2003.07.17"]
[Round "2"]
[White "Henni, Mohamed"]
[Black "Aboudi, Marwan"]
[Result "1-0"]
[WhiteElo "2283"]
[BlackElo "2178"]
[PlyCount "64"]
[EventDate "2003.07.17"]
[EventType "team"]
[EventRounds "9"]
[EventCountry "SYR"]
[SourceTitle "CBM 095 Extra"]
[Source "ChessBase"]
[SourceDate "2003.09.04"]
[SourceVersion "1"]
[SourceVersionDate "2003.09.04"]
[SourceQuality "1"]

1. e4 c5 2. Nc3 Nc6 3. g3 g6 4. Bg2 Bg7 5. Nge2 d6 6. 0-0 Nf6 7. f4 0-0 8. h3 Ne8 9. d3 f5 10. Kh2 Rb8 11. Be3 Nd4 12. Bf2 b5 13. Nxd4 cxd4 14. Ne2 e5 15. fxe5 dxe5 16. c3 f4 17. gxf4 dxc3 18. bxc3 exf4 19. Bxa7 Rb7 20. Bc5 Rff7 21. Rf3 g5 22. d4 Nf6 23. Qd3 Nh5 24. Rg1 g4 25. hxg4 Bxg4 26. Bh3 Bxf3 27. Qxf3 Qh4 28. e5 Ra7 29. Bxa7 Rxa7 30. Qg4 Qxg4 31. Bxg4 Ng3 32. Nxf4 Ne4 1-0

[Event "Africa-ch"]
[Site "Cairo"]
[Date "2001.09.22"]
[Round "7"]
[White "Henni, Mohamed"]
[Black "Nadir, Samir"]
[Result "1-0"]
[WhiteElo "2314"]
[BlackElo "2190"]
[PlyCount "85"]
[EventDate "2001.09.16"]
[EventType "swiss"]
[EventRounds "9"]
[EventCountry "EGY"]
[SourceTitle "CBM 084 Extra"]
[Source "ChessBase"]
[SourceDate "2001.10.26"]
[SourceVersion "1"]
[SourceVersionDate "2001.10.26"]
[SourceQuality "1"]

1. e4 c6 2. Nc3 e5 3. Nf3 d6 4. d4 Nd7 5. Bc4 Be7 6. dxe5 dxe5 7. Ng5 Bxg5 8. Qh5 g6 9. Qxg5 Qxg5 10. Bxg5 Nc5 11. 0-0-0 Be6 12. Be2 h6 13. Be3 Nd7 14. Na4 Ngf6 15. f3 0-0-0 16. Bxa7 Kc7 17. Be3 b6 18. b3 Ra8 19. Kb2 g5 20. g4 h5 21. h3 Rag8 22. Rdg1 Ne8 23. gxh5 f6 24. h4 Rxh5 25. hxg5 Rxh1 26. Rxh1 b5 27. Nc3 fxg5 28. Rg1 g4 29. fxg4 b4 30. Nd1 Nef6 31. Nf2 Nf8 32. Bc5 N8d7 33. Bxb4 Nh5 34. Nd3 Nhf6 35. Bc3 Kd6 36. Rd1 Ke7 37. Nxe5 Nxe5 38. Bxe5 Nxe4 39. Bf3 Nf2 40. Re1 Nxg4 41. Bxc6 Nxe5 42. Rxe5 Kd6 43. Re1 1-0

[Event "Africa-ch"]
[Site "Cairo"]
[Date "2001.09.21"]
[Round "6"]
[White "Rizouk, Aimen"]
[Black "Henni, Mohamed"]
[Result "1-0"]
[WhiteElo "2442"]
[BlackElo "2314"]
[PlyCount "71"]
[EventDate "2001.09.16"]
[EventType "swiss"]
[EventRounds "9"]
[EventCountry "EGY"]
[SourceTitle "CBM 084 Extra"]
[Source "ChessBase"]
[SourceDate "2001.10.26"]
[SourceVersion "1"]
[SourceVersionDate "2001.10.26"]
[SourceQuality "1"]

1. e4 c5 2. Nf3 d6 3. d4 cxd4 4. Nxd4 Nf6 5. Nc3 a6 6. Be3 Nc6 7. f3 e6 8. g4 Be7 9. h4 Qc7 10. Qd2 b6 11. g5 Nd7 12. Nxc6 Qxc6 13. Qd4 Qc5 14. Qd2 Qc7 15. Bd4 0-0 16. 0-0-0 b5 17. a3 Bb7 18. h5 Ne5 19. Rh3 Rfd8 20. g6 fxg6 21. hxg6 Nxg6 22. Kb1 e5 23. Be3 Bf6 24. Qh2 Nf8 25. Qf2 Qf7 26. Rh1 d5 27. exd5 Bxd5 28. Nxd5 Rxd5 29. Bd3 Re8 30. Rdg1 g6 31. Qe2 Ne6 32. Rxh7 Nf4 33. Rxf7 Nxe2 34. Rxf6 Nxg1 35. Rxg6+ Kf7 36. Rxg1 1-0

[Event "Africa-ch"]
[Site "Cairo"]
[Date "2001.09.19"]
[Round "4"]
[White "Bouaziz, Slim"]
[Black "Henni, Mohamed"]
[Result "1/2-1/2"]
[WhiteElo "2379"]
[BlackElo "2314"]
[PlyCount "39"]
[EventDate "2001.09.16"]
[EventType "swiss"]
[EventRounds "9"]
[EventCountry "EGY"]
[SourceTitle "CBM 084 Extra"]
[Source "ChessBase"]
[SourceDate "2001.10.26"]
[SourceVersion "1"]
[SourceVersionDate "2001.10.26"]
[SourceQuality "1"]

1. e4 c5 2. Nf3 d6 3. d4 cxd4 4. Nxd4 Nf6 5. Nc3 a6 6. g3 e6 7. Bg2 Be7 8. 0-0 Qc7 9. a4 Nc6 10. h3 Nxd4 11. Qxd4 0-0 12. Rd1 Bd7 13. Bg5 Bc6 14. Bxf6 Bxf6 15. Qxd6 Qxd6 16. Rxd6 Rfd8 17. Rd3 Rxd3 18. cxd3 Rd8 19. Bf1 Rd4 20. Ra2 1/2-1/2

[Event "Africa-ch"]
[Site "Cairo"]
[Date "2001.09.17"]
[Round "2"]
[White "Molale, Ofentse"]
[Black "Henni, Mohamed"]
[Result "0-1"]
[WhiteElo "2101"]
[BlackElo "2314"]
[PlyCount "40"]
[EventDate "2001.09.16"]
[EventType "swiss"]
[EventRounds "9"]
[EventCountry "EGY"]
[SourceTitle "CBM 084 Extra"]
[Source "ChessBase"]
[SourceDate "2001.10.26"]
[SourceVersion "1"]
[SourceVersionDate "2001.10.26"]
[SourceQuality "1"]

1. d4 Nf6 2. c4 g6 3. Nc3 d5 4. Bg5 Ne4 5. Nxe4 dxe4 6. Qd2 Bg7 7. 0-0-0 h6 8. Be3 c5 9. dxc5 Qxd2+ 10. Rxd2 Be6 11. Rc2 Na6 12. b3 Nb4 13. Rd2 Bc3 14. Rd1 Nxa2+ 15. Kb1 Nb4 16. Nh3 a5 17. Rc1 Be5 18. Nf4 Bf5 19. Nd5 a4 20. g4 Nxd5 0-1

[Event "Africa-ch"]
[Site "Cairo"]
[Date "2001.09.16"]
[Round "1"]
[White "Henni, Mohamed"]
[Black "El Taher, Fouad"]
[Result "0-1"]
[WhiteElo "2314"]
[BlackElo "2477"]
[PlyCount "208"]
[EventDate "2001.09.16"]
[EventType "swiss"]
[EventRounds "9"]
[EventCountry "EGY"]
[SourceTitle "CBM 084 Extra"]
[Source "ChessBase"]
[SourceDate "2001.10.26"]
[SourceVersion "1"]
[SourceVersionDate "2001.10.26"]
[SourceQuality "1"]

1. e4 e5 2. Nf3 Nc6 3. Bc4 Nf6 4. d3 Be7 5. c3 d6 6. h3 0-0 7. 0-0 Na5 8. Bb5 a6 9. Ba4 b5 10. Bc2 c5 11. Nbd2 Re8 12. Re1 Bf8 13. Nf1 h6 14. Ne3 Bb7 15. Nf5 d5 16. Qe2 Rc8 17. Nh2 c4 18. dxc4 Nxc4 19. Rd1 Qb6 20. exd5 Nxd5 21. Qg4 Kh8 22. Qh4 Nf4 23. Bxf4 exf4 24. Qxf4 Qc6 25. Nf3 Nxb2 26. Re1 Qf6 27. Rxe8 Rxe8 28. Qd4 Qxd4 29. cxd4 Nc4 30. Re1 Rd8 31. Be4 Bxe4 32. Rxe4 Nd6 33. Nxd6 Bxd6 34. Re1 a5 35. Kf1 Rc8 36. Rd1 b4 37. Ke2 a4 38. Kd3 Kg8 39. g3 Kf8 40. Rd2 Rc3+ 41. Ke2 a3 42. Ne1 b3 43. axb3 Rxb3 44. Nd3 Ke7 45. Rc2 Rb1 46. Ra2 Ke6 47. Kd2 Kd5 48. Kc3 Rd1 49. Kc2 Rh1 50. Kc3 Rd1 51. Kc2 Rh1 52. Kc3 Rxh3 53. Nb4+ Bxb4+ 54. Kxb4 Kxd4 55. Rxa3 f5 56. Rf3 g6 57. Kb3 Rh2 58. Kc2 Ke4 59. Re3+ Kd4 60. Rf3 Ke4 61. Re3+ Kd5 62. Rf3 Ke5 63. Kd2 g5 64. Re3+ Kf6 65. Ke2 h5 66. Ra3 g4 67. Ke3 h4 68. Ra6+ Kg5 69. gxh4+ Rxh4 70. Ra8 Rh3+ 71. Ke2 Kh4 72. Rh8+ Kg5 73. Ra8 Rb3 74. Kf1 Rb2 75. Kg2 Rd2 76. Ra5 Rb2 77. Rc5 Rb3 78. Ra5 Rf3 79. Rb5 Kh4 80. Rb8 Ra3 81. Rh8+ Kg5 82. Rb8 Rh3 83. Rb5 Rh5 84. Ra5 Kh4 85. f3 Kg5 86. fxg4 Kxg4 87. Ra4+ f4 88. Rb4 Ra5 89. Rb2 Ra3 90. Rc2 Rg3+ 91. Kf2 Rh3 92. Rc8 Rh2+ 93. Kg1 Re2 94. Rg8+ Kf3 95. Rb8 Re1+ 96. Kh2 Kf2 97. Rb2+ Re2 98. Rb1 f3 99. Ra1 Rb2 100. Ra8 Ke3+ 101. Kg1 Rb1+ 102. Kh2 f2 103. Re8+ Kd4 104. Rd8+ Ke5 0-1

[Event "ALG Champions"]
[Site "Algiers"]
[Date "2000.07.02"]
[Round "2"]
[White "Henni, Mohamed"]
[Black "Cherrad, Zitouni"]
[Result "1-0"]
[WhiteElo "2311"]
[BlackElo "2100"]
[PlyCount "99"]
[EventDate "2000.07.15"]
[EventType "tourn"]
[EventRounds "6"]
[EventCountry "ALG"]
[SourceTitle "EXT 2002"]
[Source "ChessBase"]
[SourceDate "2001.11.25"]
[SourceVersion "1"]
[SourceVersionDate "2001.11.25"]
[SourceQuality "1"]

1. e4 e5 2. Nf3 Nc6 3. Bb5 a6 4. Ba4 Nf6 5. Qe2 b5 6. Bb3 Be7 7. a4 b4 8. d3 d6 9. Nbd2 Bg4 10. c3 Qb8 11. h3 Bh5 12. g4 Bg6 13. Ba2 h6 14. Nc4 Qb7 15. Ne3 b3 16. Bb1 Nd8 17. Nf5 Ne6 18. 0-0 h5 19. g5 Nd7 20. d4 h4 21. N5xh4 exd4 22. Nxg6 fxg6 23. cxd4 Rxh3 24. Kg2 Rh8 25. e5 0-0-0 26. Be4 d5 27. Bd3 Nb8 28. Be3 Rdf8 29. Kg3 Kd7 30. Bxg6 Nc6 31. Rh1 Rxh1 32. Rxh1 Qb6 33. Rd1 Kc8 34. Bb1 Kb7 35. Rd3 Na5 36. Qd1 Ka7 37. Rc3 Bb4 38. Rc1 Be7 39. Qd3 Nc4 40. Rxc4 dxc4 41. Qxc4 c5 42. d5 Rxf3+ 43. Kxf3 Nxg5+ 44. Kg4 Nf7 45. f4 Kb7 46. d6 Nxd6 47. exd6 Qxd6 48. Be4+ Ka7 49. Qxb3 Qf6 50. Qb7# 1-0

[Event "ALG-ch"]
[Site "Algiers"]
[Date "2000.07.??"]
[Round "9"]
[White "Tilmatine, Amar"]
[Black "Henni, Mohamed"]
[Result "0-1"]
[WhiteElo "2223"]
[BlackElo "2311"]
[PlyCount "102"]
[EventDate "2000.07.26"]
[EventType "swiss"]
[EventRounds "9"]
[EventCountry "ALG"]
[SourceTitle "EXT 2002"]
[Source "ChessBase"]
[SourceDate "2001.11.25"]
[SourceVersion "1"]
[SourceVersionDate "2001.11.25"]
[SourceQuality "1"]

1. d4 Nf6 2. c4 g6 3. g3 Bg7 4. Bg2 d5 5. cxd5 Nxd5 6. e4 Nb6 7. Ne2 0-0 8. 0-0 Nc6 9. d5 Na5 10. Nbc3 c6 11. b3 cxd5 12. exd5 Bg4 13. f3 Bd7 14. Ba3 Nc8 15. Bc5 Nd6 16. Rc1 Bh6 17. f4 b6 18. Bf2 Rc8 19. Nd4 Bg7 20. Qd3 Rc7 21. Ndb5 Nxb5 22. Nxb5 Bxb5 23. Qxb5 Nb7 24. Rxc7 Qxc7 25. Qc6 Qb8 26. Rc1 Bb2 27. Rc2 Ba3 28. h4 Bc5 29. Bxc5 Nxc5 30. b4 Nb7 31. Qd7 Nd6 32. Qxe7 Nf5 33. Qe5 Qd8 34. Qe1 Re8 35. Qf2 Qf6 36. Kh2 Ne3 37. Re2 Ng4+ 38. Kg1 Rxe2 39. Qxe2 Qd4+ 40. Kh1 Qa1+ 41. Bf1 h5 42. Kg2 Qd4 43. Qf3 Qxb4 44. Kh3 Qd4 45. Qg2 Ne3 46. Qe2 Qxd5 47. Kh2 Nxf1+ 48. Qxf1 Qxa2+ 49. Kg1 Qb2 50. f5 Qe5 51. fxg6 Qxg3+ 0-1

[Event "Africa-ch"]
[Site "Cairo"]
[Date "1998.11.12"]
[Round "9"]
[White "Labib, Ibrahim Hasan"]
[Black "Henni, Mohamed"]
[Result "1/2-1/2"]
[WhiteElo "2305"]
[BlackElo "2375"]
[PlyCount "88"]
[EventDate "1998.11.02"]
[EventType "tourn"]
[EventRounds "9"]
[EventCountry "EGY"]
[SourceTitle "CBM 067 Extra"]
[Source "ChessBase"]
[SourceDate "1999.01.01"]
[SourceVersion "1"]
[SourceVersionDate "1999.01.01"]
[SourceQuality "1"]

1. e4 c5 2. Nf3 d6 3. d4 cxd4 4. Nxd4 Nf6 5. Nc3 a6 6. f4 Qc7 7. Bd3 Nc6 8. Nf3 e6 9. 0-0 Be7 10. a4 d5 11. exd5 exd5 12. Kh1 0-0 13. f5 h6 14. Bd2 Nb4 15. Be3 Ng4 16. Bg1 Bf6 17. h3 Bxc3 18. bxc3 Nxd3 19. cxd3 Nf6 20. Bd4 Nh5 21. Be5 Ng3+ 22. Bxg3 Qxg3 23. Nd4 Bd7 24. Rf3 Qc7 25. Rc1 f6 26. Qb3 Rf7 27. Re1 Rc8 28. Qxd5 Bxa4 29. Rfe3 Kh8 30. c4 Rd8 31. Qe4 Qe5 32. Qxe5 fxe5 33. Ne6 Rd6 34. Nc5 Bc6 35. Rxe5 b6 36. Nxa6 Rxd3 37. Nb4 Rd6 38. Re6 Rf6 39. Rxf6 Rxf6 40. Re6 Bd7 41. Rxf6 gxf6 42. Nd5 Kg7 43. Nxb6 Bxf5 44. c5 Be4 1/2-1/2

[Event "Africa-ch"]
[Site "Cairo"]
[Date "1998.11.11"]
[Round "8"]
[White "Henni, Mohamed"]
[Black "Adu, Oladapo"]
[Result "0-1"]
[WhiteElo "2375"]
[BlackElo "2230"]
[PlyCount "199"]
[EventDate "1998.11.02"]
[EventType "tourn"]
[EventRounds "9"]
[EventCountry "EGY"]
[SourceTitle "CBM 067 Extra"]
[Source "ChessBase"]
[SourceDate "1999.01.01"]
[SourceVersion "1"]
[SourceVersionDate "1999.01.01"]
[SourceQuality "1"]

1. Nf3 Nf6 2. g3 g6 3. Bg2 Bg7 4. 0-0 0-0 5. d3 d5 6. c3 c5 7. Nbd2 Nc6 8. Qc2 b6 9. a3 Bb7 10. Rb1 Rc8 11. Re1 e6 12. Qa4 Nd7 13. c4 a5 14. Nf1 Nde5 15. Nxe5 Nxe5 16. b4 Bc6 17. b5 Ba8 18. f4 Ng4 19. h3 Nf6 20. e4 dxe4 21. dxe4 Nxe4 22. Qc2 f5 23. Kh2 Qc7 24. Nd2 Nxd2 25. Qxd2 Bxg2 26. Qxg2 Rfe8 27. Bb2 Rcd8 28. Be5 Bxe5 29. Rxe5 Rd6 30. Rbe1 Qd7 31. R1e2 Rd8 32. g4 Rf8 33. gxf5 Rxf5 34. Rxf5 exf5 35. Qa8+ Kg7 36. Re8 Rd2+ 37. Kg3 Rd3+ 38. Kg2 Kh6 39. Re5 Rd2+ 40. Kg3 Rd3+ 41. Kg2 Kh5 42. Rd5 Rxd5 43. Qxd5 Qe7 44. Qf3+ Kh6 45. Qc6 Qe2+ 46. Kg1 Qe3+ 47. Kg2 Qxf4 48. Qxb6 Qe4+ 49. Kg1 Qe3+ 50. Kg2 f4 51. Qd6 Qg3+ 52. Kf1 Qxh3+ 53. Ke1 Qe3+ 54. Kf1 Qc1+ 55. Kf2 Qxc4 56. b6 a4 57. Qc7 Qd4+ 58. Kf1 Qd3+ 59. Ke1 Qg3+ 60. Kf1 Qh3+ 61. Kf2 Qe3+ 62. Kf1 f3 63. Qh2+ Kg7 64. Qb2+ Kh6 65. b7 f2 66. Qxf2 Qd3+ 67. Kg2 Qd5+ 68. Qf3 Qd2+ 69. Kg3 Qe1+ 70. Kh3 Qe6+ 71. Kg3 Qe1+ 72. Kg2 Qd2+ 73. Kh3 Qd6 74. Qg3 Qd7+ 75. Kh4 Qe7+ 76. Kg4 Qxb7 77. Qf4+ Kg7 78. Qe5+ Kf7 79. Qf4+ Ke8 80. Qe5+ Qe7 81. Qb8+ Kd7 82. Qa8 h5+ 83. Kf3 Qf7+ 84. Kg3 Qb3+ 85. Kf4 Qc4+ 86. Kg3 Qd4 87. Kg2 Ke6 88. Qg8+ Ke5 89. Qg7+ Kd5 90. Qf7+ Ke5 91. Qg7+ Kf4 92. Qf8+ Kg5 93. Qe7+ Kh6 94. Qf8+ Kh7 95. Qe7+ Kh6 96. Qf8+ Kg5 97. Qe7+ Kf4 98. Qf7+ Ke3 99. Qa2 g5 100. Kh2 0-1